00317nam a22000977a 4500008004100000082001600041100002000057245007300077260006100150300000800211230620b xxu||||| |||| 00| 0 eng d a324.21bBAR cTiberius Barasa aReforming the Political Market in Kenya Through Public Party Funding aNairobibInstitute of Policy Analysis and Researchc2006 a40P